9 Greek Logos of Pictures - Statistics

General Stats
  • This quiz has been taken 4 times
  • The average score is 5 of 9
Answer Stats
Picture Answer % Correct
Άλτις
75%
Αρκτούρος
75%
Αφής
75%
Γενική Ταχυδρομική
75%
PC Master
50%
Κρίς Κρίς
25%
Μύλοι Αγίου Γεωργίου
25%
ΠαγωτόΜανία
25%
Δρόμος 898
25%
No matching quizzes found
Score Distribution
Percent of People with Each Score
Percentile by Number Answered
Your Score History
You have not taken this quiz